| 000 | 00446nam a2200181Ia 4500 | ||
|---|---|---|---|
| 003 | IIN | ||
| 005 | 20240202151418.0 | ||
| 008 | 231217s9999 xx 000 0 und d | ||
| 020 |
_cRs.395.00 _a8184482833 |
||
| 040 |
_aIIN _bEnglish |
||
| 082 |
_a610.73 _bVRS |
||
| 100 | 1 | _aVrs, Kavitha | |
| 245 | 1 |
_aSociology in Nursing Globe _cKavitha Vrs |
|
| 260 |
_bJaypee _aNew Delhi _c2008 |
||
| 300 | _a224 p. | ||
| 650 | 1 | _aSociology | |
| 942 | _cBOOK | ||
| 999 |
_c823 _d823 |
||